The foundations of ethnic politics : (Record no. 102248)

MARC details
000 -LEADER
campo de control de longitud fija 01629cam a2200421 a 4500
005 - FECHA Y HORA DE LA ÚLTIMA TRANSACCIÓN
campo de control 20230410143451.0
008 - DATOS DE LONGITUD FIJA--INFORMACIÓN GENERAL
campo de control de longitud fija 071024s2008 enka b 001 0 eng
035 ## - NÚMERO DE CONTROL DEL SISTEMA
Número de control de sistema 15056941
010 ## - NÚMERO DE CONTROL DE LA BIBLIOTECA DEL CONGRESO
Número de control de LC 2007044190
015 ## - NÚMERO DE BIBLIOGRAFÍA NACIONAL
Número de bibliografía nacional GBA868238
Fuente bnb
016 7# - NÚMERO DE CONTROL DE UNA AGENCIA BIBLIOGRÁFICA NACIONAL
Número de control del registro 014621031
Fuente Uk
020 ## - NÚMERO INTERNACIONAL ESTÁNDAR DEL LIBRO
Número Internacional Estándar del Libro 9780521894944 (hardback)
020 ## - NÚMERO INTERNACIONAL ESTÁNDAR DEL LIBRO
Número Internacional Estándar del Libro 0521894948 (hardback)
020 ## - NÚMERO INTERNACIONAL ESTÁNDAR DEL LIBRO
Número Internacional Estándar del Libro 9780521719209 (pbk.)
020 ## - NÚMERO INTERNACIONAL ESTÁNDAR DEL LIBRO
Número Internacional Estándar del Libro 0521719208 (pbk.)
035 ## - NÚMERO DE CONTROL DEL SISTEMA
Número de control de sistema (OCoLC)ocn180190832
035 ## - NÚMERO DE CONTROL DEL SISTEMA
Número de control de sistema (OCoLC)180190832
040 ## - FUENTE DE CATALOGACIÓN
Centro catalogador/agencia de origen DLC
Centro/agencia transcriptor DLC
Centro/agencia modificador BAKER
-- BTCTA
-- YDXCP
-- OCLCG
-- UKM
-- C#P
-- BWX
-- DLC
001 - NÚMERO DE CONTROL
campo de control 14aGN 496bH161f 2008
082 00 - NÚMERO DE LA CLASIFICACIÓN DECIMAL DEWEY
Número de clasificación 305.8
100 1# - ENTRADA PRINCIPAL--NOMBRE DE PERSONA
Nombre de persona Hale, Henry E.,
Fechas asociadas al nombre 1966-
245 14 - MENCIÓN DEL TÍTULO
Título The foundations of ethnic politics :
Resto del título separatism of states and nations in Eurasia and the world /
Mención de responsabilidad, etc. Henry E. Hale.
260 ## - PUBLICACIÓN, DISTRIBUCIÓN, ETC.
Lugar de publicación, distribución, etc. Cambridge ;
-- New York :
Nombre del editor, distribuidor, etc. Cambridge University Press,
Fecha de publicación, distribución, etc. 2008.
300 ## - DESCRIPCIÓN FÍSICA
Extensión xiii, 278 p. :
Otras características físicas ill. ;
Dimensiones 24 cm.
440 #0 - MENCIÓN DE SERIE/PUNTO DE ACCESO ADICIONAL--TÍTULO
Título Cambridge studies in comparative politics
504 ## - NOTA DE BIBLIOGRAFÍA, ETC.
Nota de bibliografía, etc. Includes bibliographical references and index.
650 #4 - PUNTO DE ACCESO ADICIONAL DE MATERIA--TÉRMINO DE MATERIA
Término de materia o nombre geográfico como elemento de entrada Relaciones étnicas
Subdivisión general Aspectos políticos
650 #4 - PUNTO DE ACCESO ADICIONAL DE MATERIA--TÉRMINO DE MATERIA
Término de materia o nombre geográfico como elemento de entrada Conflictos étnicos.
650 #0 - PUNTO DE ACCESO ADICIONAL DE MATERIA--TÉRMINO DE MATERIA
Término de materia o nombre geográfico como elemento de entrada Ethnic relations
Subdivisión general Political aspects.
650 #0 - PUNTO DE ACCESO ADICIONAL DE MATERIA--TÉRMINO DE MATERIA
Término de materia o nombre geográfico como elemento de entrada Ethnicity
Subdivisión general Political aspects.
650 #0 - PUNTO DE ACCESO ADICIONAL DE MATERIA--TÉRMINO DE MATERIA
Término de materia o nombre geográfico como elemento de entrada Ethnic conflict.
856 42 - LOCALIZACIÓN Y ACCESO ELECTRÓNICOS
Materiales especificados Contributor biographical information
Identificador Uniforme de Recursos <a href="http://www.loc.gov/catdir/enhancements/fy0805/2007044190-b.html">http://www.loc.gov/catdir/enhancements/fy0805/2007044190-b.html</a>
856 42 - LOCALIZACIÓN Y ACCESO ELECTRÓNICOS
Materiales especificados Publisher description
Identificador Uniforme de Recursos <a href="http://www.loc.gov/catdir/enhancements/fy0805/2007044190-d.html">http://www.loc.gov/catdir/enhancements/fy0805/2007044190-d.html</a>
856 41 - LOCALIZACIÓN Y ACCESO ELECTRÓNICOS
Materiales especificados Table of contents only
Identificador Uniforme de Recursos <a href="http://www.loc.gov/catdir/enhancements/fy0805/2007044190-t.html">http://www.loc.gov/catdir/enhancements/fy0805/2007044190-t.html</a>
942 ## - ELEMENTOS DE ENTRADA SECUNDARIOS (KOHA)
Fuente del sistema de clasificación o colocación Clasificación de Library of Congress
Tipo de ítem Koha
946 ## - PROCESAMIENTO DE INFORMACIÓN LOCAL (OCLC)
a JaaM
Holdings
Estatus retirado Estado de pérdida Fuente del sistema de clasificación o colocación Estado de daño No para préstamo Colección Biblioteca de origen Biblioteca actual Ubicación en estantería Fecha de adquisición Signatura topográfica completa Código de barras Visto por última vez Copia número Tipo de ítem Koha
    Clasificación de Library of Congress     Ciencias Sociales Biblioteca Juan Bosch Biblioteca Juan Bosch Ciencias Sociales (3er. Piso) 10/04/2023 GN 496 H161f 2008 00000105685 21/01/2019 1